| 000 | 00813nam a2200277Ia 4500 | ||
|---|---|---|---|
| 003 | OSt | ||
| 005 | 20221006160040.0 | ||
| 006 | a|||||r|||| 00| 0 | ||
| 007 | ta | ||
| 008 | 221006b |||||||| |||| 00| 0 eng d | ||
| 020 | _a9788991913134 | ||
| 024 | _a44,146 | ||
| 037 |
_bGift, Korean Embassy (Window of Korea) _cTextual |
||
| 040 |
_aEASL _cEASL _beng |
||
| 041 |
_2eng _aeng |
||
| 082 | _aNW495wN36, P6 | ||
| 100 |
_aChung Sung-ill _9671659 |
||
| 245 | 0 | _aIm kwon-taek | |
| 260 |
_aSeoul _bSeoul Selection Korea _c2006 |
||
| 300 |
_a188p. _ccm. |
||
| 490 |
_v KEL _aKorean Films Directors |
||
| 650 | _aKEL | ||
| 700 |
_a Han Na-ra _9671660 |
||
| 942 |
_hNW495wN36, P6 _cTEXL _2CC |
||
| 999 |
_c1112238 _d1112238 |
||